00739 a2200205 4500003000500000005001700005010001600022020001500038040000900053082001500062245006300077260003700140300004400177505012200221650001300343651003300356942002400389999001900413952010100432NUST20230208102128.0 a 83005463 a0582783402 cNust00a954.91,INS13aInsight and guide to Pakistan /cTony Halliday : ( Editor) a Pakistanb Vanguard Booksc2001 axx, 407 p.:bill. (some col.) ;c22 cm. aIntroduction (Page-15), History (Page-18), Insight On 74 (Page-74), Information Panels (Page-35), Places (Page-215).  aPakistan 0aPakistanxGuidebooks.991585 2ddccBKk954.91,INS c182961d182961 00102ddc40708NFICaMCSbMCSd2016-12-12l0o954.91.INSpMCS28458r2016-12-08w2016-12-12yBK